000 01526nam a22001577a 4500
008 120822t xxu||||| |||| 00| 0 eng d
020 _a9988643039
050 _aHG4521.A52
100 _aAmevor, Aawoenam
245 _aInvestment: how to create wealth on the stock market. /
_cAawoenam Amevor
260 _aGhana:
_bCombert Impressions,
_cc2005.
300 _axiii, 258 p.:
_bill.;
_c23cm.
505 _aContents: Introduction -- Understanding investment -- Financial markets -- The Capital market regulators -- The Major investment options in Ghana -- Collective investment schemes -- Investment - how to get started -- How do we invest -- Understanding investment risk -- The Basics of stock market investment -- The Stock brokerage process -- The Ghana stock exchange official list -- How to develop a stock market investment strategy -- Caution ''play the stock market but do not greedy'' -- Some benefits of being a share holder -- Winning on the stock market -- Have sound sleep when the investment winds blow -- The Biggest street in the stock market -- Let your broker ''know'' you -- Is there any protection for the stock market investor? -- Which brokerage house is the best -- Corporate financial statements -- The Stock market -- Messages from sponsors -- HFC bank limited (HFC) -- SG-SSB bank limited (SG-SSB) -- Ghana commercial bank limited (GCB) -- Produce buying company limited (PBC) -- Clydestone (Ghana) limited (CLYD) -- Guinness Ghana breweries limited (GGBL).
650 _bInvestment.
942 _2lcc
_cBK
999 _c2116
_d9616